Città più popolose che non sono capitali - Statistics

Statistiche generali
  • Questo quiz è stato fatto 184 volte
  • Il punteggio medio è 12 su 33
Statistiche sulle risposte
Stato Capitale Città più popolosa % Corretto
Stati Uniti d'America Washington DC New York
90%
Turchia Ankara Istanbul
87%
Australia Canberra Sydney
86%
Brasile Brasilia San Paolo
83%
Marocco Rabat Casablanca
79%
Canada Ottawa Toronto
79%
Svizzera Berna Zurigo
79%
Liechtenstein Vaduz Schaan
78%
Emirati Arabi Uniti Abu Dhabi Dubai
77%
Sudafrica Città del Capo, Pretoria, Bloemfontiein Johannesburg
64%
Nigeria Abuja Lagos
53%
Nuova Zelanda Wellington Auckland
47%
Sri Lanka Sri Jayawardenapura Kotte Colombo
47%
Pakistan Islamabad Karachi
39%
Vietnam Hanoi Ho Chi Minh
29%
Tanzania Dodoma Dar es Salaam
27%
Costa d'Avorio Yamoussoukro Abidjan
22%
Burundi Gitega Bujumbura
20%
Kazakistan Nursultan Almaty
19%
Belize Belmopan Belize City
19%
Birmania Naypyiadaw Yangon
17%
Benin Porto-Novo Cotonou
16%
Ecuador Quito Guayaquil
16%
San Marino Città di San Marino Serravalle
16%
Bolivia Sucre/La paz Santa Cruz
15%
Cina Pechino Chongqing
11%
Filippine Manila Quezon City
9%
Camerun Yaoundè Douala
5%
Palau Ngerulmud Koror
4%
Sudan Karthum Omdurman
3%
Gambia Banjul Serekunda
2%
Stati Federati di Micronesia Palikir Weno
1%
Malta La Valletta Birchircara
0%
Nessun quiz corrispondente trovato
Distribuzione punteggi
Percentuale di utenti per punteggio
Percentile per numero di risposta
I tuoi punteggi nel tempo
Non hai fatto questo quiz